[Event "Espalion op 1st"]
[Site "Espalion"]
[Date "2016.07.09"]
[Round "1"]
[White "Sulava, Nenad"]
[Black "Criticos, Kris"]
[Result "1-0"]
[WhiteElo "2418"]
[BlackElo "1641"]
[PlyCount "95"]
[EventDate "2016.07.09"]
[EventType "swiss"]
[EventRounds "9"]
[EventCountry "FRA"]
[SourceTitle "CBM 173 Extra"]
[Source "ChessBase"]
[SourceDate "2016.08.29"]
[SourceVersion "1"]
[SourceVersionDate "2016.08.29"]
[SourceQuality "1"]

1. Nf3 g6 2. e4 Bg7 3. d4 d6 4. Be3 Nf6 5. Nc3 0-0 6. Qd2 a6 7. Bh6 c5 8. 0-0-0 cxd4 9. Nxd4 Bxh6 10. Qxh6 Ng4 11. Qd2 Nc6 12. h3 Nf6 13. f4 Qa5 14. Nb3 Qc7 15. g4 b5 16. Nd5 Nxd5 17. exd5 Nb8 18. Qa5 Qxa5 19. Nxa5 Ra7 20. b3 Rc7 21. Kb2 Nd7 22. Bg2 Nb6 23. Rhe1 Re8 24. Rd2 Bb7 25. a3 Kf8 26. h4 Ba8 27. g5 e6 28. dxe6 Bxg2 29. Rxg2 fxe6 30. Rge2 Kf7 31. h5 Nd5 32. hxg6+ hxg6 33. Rh1 Rg8 34. Rh7+ Rg7 35. Rxg7+ Kxg7 36. Rxe6 Rd7 37. Re4 Kf7 38. c4 bxc4 39. Nxc4 Ne7 40. Nd2 d5 41. Rb4 Rd6 42. Nf3 Nc6 43. Rb6 Ke6 44. Rxc6 Rxc6 45. Nd4+ Kd6 46. Nxc6 Kxc6 47. f5 Kd6 48. f6 1-0

[Event "Saint Affrique op 22nd"]
[Site "Saint Affrique"]
[Date "2014.07.23"]
[Round "6"]
[White "Criticos, Kris"]
[Black "Riviere, Gerard"]
[Result "0-1"]
[WhiteElo "1656"]
[BlackElo "1791"]
[PlyCount "68"]
[EventDate "2014.07.19"]
[EventType "swiss"]
[EventRounds "9"]
[EventCountry "FRA"]
[SourceTitle "CBM 161 Extra"]
[Source "ChessBase"]
[SourceDate "2014.08.29"]
[SourceVersion "1"]
[SourceVersionDate "2014.08.29"]
[SourceQuality "1"]

1. f4 c5 2. b3 Nf6 3. Nf3 Nc6 4. e3 g6 5. Bb2 Bg7 6. Be2 0-0 7. 0-0 d5 8. Ne5 Qc7 9. Nxc6 bxc6 10. d3 Rd8 11. Be5 Qb6 12. Nd2 c4 13. d4 c3 14. Bxf6 Bxf6 15. Nf3 c5 16. Ne5 cxd4 17. exd4 Ba6 18. Bxa6 Qxa6 19. Rf3 Rac8 20. a4 Qa5 21. Qe1 e6 22. g4 Rc7 23. g5 Bxe5 24. fxe5 Qb4 25. Rd1 Rdc8 26. Qf2 Qf8 27. Rf1 Qe7 28. Rf6 Rf8 29. h4 Kg7 30. h5 Qb4 31. Rxe6 fxe6 32. h6+ Kg8 33. Qxf8+ Qxf8 34. Rxf8+ Kxf8 0-1

[Event "Saint Affrique op 22nd"]
[Site "Saint Affrique"]
[Date "2014.07.22"]
[Round "5"]
[White "Fabre, Jean Michel"]
[Black "Criticos, Kris"]
[Result "0-1"]
[WhiteElo "1337"]
[BlackElo "1656"]
[PlyCount "65"]
[EventDate "2014.07.19"]
[EventType "swiss"]
[EventRounds "9"]
[EventCountry "FRA"]
[SourceTitle "CBM 161 Extra"]
[Source "ChessBase"]
[SourceDate "2014.08.29"]
[SourceVersion "1"]
[SourceVersionDate "2014.08.29"]
[SourceQuality "1"]

1. d4 Nf6 2. c4 g6 3. Nc3 Bg7 4. Nf3 0-0 5. Bd2 d6 6. Qc1 c5 7. d5 Na6 8. Bh6 Rb8 9. Bxg7 Kxg7 10. e3 Qa5 11. Be2 Ne4 12. 0-0 Nxc3 13. Qxc3+ Qxc3 14. bxc3 Nc7 15. Rab1 e6 16. dxe6 Bxe6 17. Rfd1 Rfd8 18. Ng5 b6 19. Rb2 h6 20. Ne4 d5 21. cxd5 Rxd5 22. Rbd2 Rbd8 23. Kf1 Rxd2 24. Nxd2 Bxa2 25. Ke1 Be6 26. Ra1 a6 27. c4 f5 28. Kd1 Kf6 29. Kc2 g5 30. Kc3 g4 31. Rb1 Rd6 32. Ra1 Ke7 33. Rb1 0-1